| 000 | 00869nmc a2200289 a 4500 | ||
|---|---|---|---|
| 003 | AR-BaBNM | ||
| 005 | 20251128210741.0 | ||
| 008 | 271020s2000 ||||||||||||||000 | spa|| | ||
| 020 | _a950-808-281-X | ||
| 040 | _cAR-BaBNM | ||
| 100 | 1 | _aMartínez, María Cristina | |
| 245 | 1 | 0 |
_aAnálisis del discurso y práctica pedagógica _buna propuesta para leer, escribir y aprender mejor |
| 260 |
_aRosario _bHomo Sapiens Ediciones _c2000 |
||
| 300 |
_a180 p. _bgráfs. |
||
| 490 | 0 | _aTemas fundamentales | |
| 504 | _aContiene referencias bibliográficas p. 173-180 | ||
| 650 | 4 | _aPRAXIS EDUCATIVA | |
| 650 | 4 | _aLENGUAJE | |
| 650 | 4 | _aGRAMATICA | |
| 653 | _aANALISIS DEL DISCURSO | ||
| 653 | _aGRAMATICA TEXTUAL | ||
| 653 | _aESTRATEGIAS DIDACTICAS | ||
| 653 | _aUNIDADES DIDACTICAS | ||
| 653 | _aENSENANZA DE LA LENGUA | ||
| 942 | _cBK | ||
| 998 | _cRAQUEL | ||
| 999 |
_c16734 _d16734 |
||